00369nam a22001097a 4500082001500000100004700015245005700062250004100119260006100160300000800221650003000229 a230.04 RAH aRahner, KarlaCornelius ErnstaKevin Smyth aSacramentum Mundi: An Encyclopedia of Theology Vol:2 aVol-2 Contition to Grace and Freedom aBanglore, IndiabTheological Publications in Indiac1975 a427 aTheology- Catholic Church